000 00645nam a2200217Ia 4500
005 20240118094230.0
008 131103s9999 xx 000 0 und d
040 _aLoreto College
041 _aEnglish
082 _a327.1(I)
_bHEI
245 2 _aA diplomtic history of modern india.
_cCharles H. Heimsath [ and ] Surjit Mansingh
260 _aBombay
_bAllied Publishers
_c1971
300 _axii, 559 p.
504 _aIncludes bibliographical references and index
630 _aIndia, Foreign Policy
650 _aInternational Relations
651 _aPolitical Science
700 _aMansingh , Surjit
850 _aLCLIB
942 _cBK
999 _c2707
_d53186